Australian Cities - Sudden Death - Statistics

General Stats
  • This quiz has been taken 6,102 times
    2,438 since last reset
  • The average score is 9 of 21
Answers on the Grid
Answers color-coded by a green-red scale on the quiz's grid according to % correct below.
Melbourne
Halifax
Lexington
Uluru
Glasgow
Coffs Harbour
Adelaide
Kingston
Ballarat
Queensland
Brisbane
Suva
Newcastle
Edmonton
Wagga Wagga
Anchorage
Chilliwack
Cairns
Gold Coast
Anzac
New South Wales
Geelong
Walla Walla
Wollongong
Sydney
Auckland
Rockhampton
Ivory Coast
Canberra
Chumbawamba
Toowoomba
Wolverhampton
Didgeridoo
Sunshine Coast
Napier
Townsville
Wellington
Launceston
Chatham-Kent
Exeter
Cardiff
Cape Coral
Tweed Heads
Galway
Perth
Nassau
Cape Town
Forty Fort
Bristol
Christchurch
Darwin
 
Answer Stats
Answer % Correct
Melbourne
99%
Adelaide
70%
Brisbane
59%
Sydney
56%
Canberra
50%
Darwin
46%
Gold Coast
46%
Perth
46%
Newcastle
42%
Cairns
41%
Wollongong
38%
Geelong
34%
Sunshine Coast
31%
Toowoomba
31%
Wagga Wagga
31%
Coffs Harbour
29%
Ballarat
27%
Townsville
27%
Rockhampton
25%
Launceston
21%
Tweed Heads
17%
No matching quizzes found
Score Distribution
Percent of People with Each Score
Percentile by Number Answered
Your Score History
You have not taken this quiz since the last reset